Všetci ich môžeme získať...

Informácia o možnostiach získať peniaze z Európskych fondov. Predvstupné a štrukturálne fondy (ISPA, SAPARD a PHARE). Štrukturálne fondy a kohézny fond. Európsky sociálny fond. Európsky poľnohospodársky usmerňovací a záručný fond. Európsky fond regionálneho rozvoja. Finančný nástroj na usmerňovani...

Descripción completa

Guardado en:
Detalles Bibliográficos
Formato: Capítulo de libro
Lenguaje:eslovaco
Materias:
Etiquetas: Agregar Etiqueta
Sin Etiquetas, Sea el primero en etiquetar este registro!

MARC

LEADER 00000naa$a2200000$$$4500
001 0003219
005 20230920090949.2
041 0 |a slo 
044 |a SK 
245 1 0 |a Všetci ich môžeme získať... 
520 |a Informácia o možnostiach získať peniaze z Európskych fondov. Predvstupné a štrukturálne fondy (ISPA, SAPARD a PHARE). Štrukturálne fondy a kohézny fond. Európsky sociálny fond. Európsky poľnohospodársky usmerňovací a záručný fond. Európsky fond regionálneho rozvoja. Finančný nástroj na usmerňovanie rybolovu. 
610 2 0 |a fondy štruktúrne 
610 2 0 |a podpora podnikania 
610 2 0 |a programy investičné 
610 2 0 |a programy rozvojové 
610 2 0 |a regióny 
610 2 0 |a spolupráca hospodárska medzinárodná 
610 2 0 |a Európska únia 
610 2 0 |a Slovensko